• 首页
  • 本馆介绍
  • 公告通知
  • 最新文献
  • 馆藏检索
  • 电子资源
  • 读者导购
  • 参考咨询
  • 我的图书馆
  • 登录
  • 详细信息显示
  • 放入我的书架
  • 预约/预借图书
  • 作者相关作品
  • 分类相关作品
  • 丛书相关作品
  • 出版社相关作品

书目信息

  • 表格格式
  • 工作单格式
  • 卡片格式
题名:
练功十八法
    
 
作者: 庄元明 , 庄元明 主编 ;庄建申 编写
分册:  
出版信息: 上海   上海科学普及出版社  1997
页数: 109页
开本: 20cm
丛书名:
单 册:
中图分类: R455 , R161.1
科图分类:
主题词: 体育疗法 , 个人卫生
电子资源:
ISBN: 7-5427-1324-8
000 00915nam0 2200289 450
001 1567722448
005 20150130184928.54
010    @a7-5427-1324-8@dCNY15.00
100    @a20021207d1997 em y0chiy0110 ea
101 0  @achi
102    @aCN@b310000
105    @aa z 000yy
200 1  @a练功十八法@9lian gong shi ba fa@e医疗保健操@f庄元明主编@Fzhuang yuan ming zhu bian@g庄建申编写
210    @a上海@c上海科学普及出版社@d1997
215    @a109页@c图及照片@d20cm
300    @a封面及版权页题名:新版练功十八法
512 1  @a新版练功十八法@9xin ban lian gong shi ba fa
517 1  @a医疗保健操@9yi liao bao jian cao
606 0  @a体育疗法
606 0  @a个人卫生
690    @aR455@v5
690    @aR161.1@v4
701  0 @a庄元明@9zhuang yuan ming@4主编
701  0 @a庄元明@Azhuang yuan ming@4主编
702  0 @a庄建申@9zhuang jian shen@4编写
801  0 @aCN@bTSSF@c20150130
905    @aZUCC@dR161.1@eJY214
    
    练功十八法:医疗保健操/庄元明主编/庄建申编写.-上海:上海科学普及出版社,1997
    109页:图及照片;20cm
    封面及版权页题名:新版练功十八法
    
    ISBN 7-5427-1324-8:CNY15.00
    
●
相关链接 在E读中查询图书 在五车中查询图书 在当当中查询图书 在豆瓣中查询图书


正题名:练功十八法     索取号:R161.1/JY214         预约/预借

序号 登录号 条形码 馆藏地/架位号 状态 备注
1 7862938   278629389   学院路分馆/ [索取号:R161.1/JY214] 在馆    
2 7862939   278629398   学院路分馆/ [索取号:R161.1/JY214] 在馆    
3 7862940   278629405   学院路分馆/ [索取号:R161.1/JY214] 在馆    
唐山师范学院图书馆 欢迎您!
大连网信软件有限公司© 版权所有